| Tag |
First Indicator |
Second Indicator |
Subfields |
| LEADER |
00000cam a2200000 4500 |
| 001 |
in00001588310 |
| 005 |
20220103183825.0 |
| 006 |
m u |
| 007 |
cr cn||||||||| |
| 008 |
001006s1992 nju sb 001 0 eng |
| 010 |
|
|
|z 92004457
|
| 020 |
|
|
|a 0585022623 (electronic bk.) :
|c $45.00
|
| 020 |
|
|
|z 0813518563
|
| 020 |
|
|
|z 0813518571 (pbk.)
|
| 035 |
|
|
|a 2049
|b (N$T)
|
| 035 |
|
|
|a nL2049
|
| 040 |
|
|
|a N$T
|c N$T
|d UtOrBLW
|
| 043 |
|
|
|a e-uk---
|
| 050 |
1 |
0 |
|a PR878.F45
|b C85 1992eb
|
| 082 |
0 |
4 |
|a 823/.809352042
|2 20
|
| 100 |
1 |
|
|a Cvetkovich, Ann,
|d 1957-
|0 http://id.loc.gov/authorities/names/n92010918
|
| 245 |
1 |
0 |
|a Mixed feelings :
|b feminism, mass culture, and Victorian sensationalism /
|c Ann Cvetkovich.
|
| 264 |
|
1 |
|a New Brunswick, N.J. :
|b Rutgers University Press,
|c [1992]
|
| 264 |
|
4 |
|c ©1992
|
| 300 |
|
|
|a x, 227 pages ;
|c 24 cm.
|
| 336 |
|
|
|a text
|b txt
|2 rdacontent
|
| 337 |
|
|
|a computer
|b c
|2 rdamedia
|
| 338 |
|
|
|a online resource
|b cr
|2 rdacarrier
|
| 504 |
|
|
|a Includes bibliographical references (pages 205-222) and index.
|
| 533 |
|
|
|a Electronic reproduction.
|b Boulder, Colo. :
|c NetLibrary,
|d 1999.
|n Available via World Wide Web.
|n Access may be limited to NetLibrary affiliated libraries.
|
| 500 |
|
|
|a Electronic resource.
|
| 650 |
|
0 |
|a English fiction
|y 19th century
|x History and criticism.
|0 http://id.loc.gov/authorities/subjects/sh2008103100
|
| 650 |
|
0 |
|a Feminism and literature
|z Great Britain
|x History
|y 19th century.
|0 http://id.loc.gov/authorities/subjects/sh2008103669
|
| 650 |
|
0 |
|a Women and literature
|z Great Britain
|x History
|y 19th century.
|0 http://id.loc.gov/authorities/subjects/sh2008113596
|
| 650 |
|
0 |
|a Popular culture
|z Great Britain
|x History
|y 19th century.
|0 http://id.loc.gov/authorities/subjects/sh2010107517
|
| 650 |
|
0 |
|a Feminist fiction, English
|x History and criticism.
|0 http://id.loc.gov/authorities/subjects/sh2008103667
|
| 650 |
|
0 |
|a Sensationalism in literature.
|0 http://id.loc.gov/authorities/subjects/sh85120038
|
| 655 |
|
0 |
|a Electronic books.
|
| 710 |
2 |
|
|a NetLibrary, Inc.
|0 http://id.loc.gov/authorities/names/no99080690
|
| 776 |
0 |
|
|c Original
|w (DLC) 92004457
|
| 856 |
4 |
1 |
|u https://proxy.library.tamu.edu/login?url=http://www.netLibrary.com/urlapi.asp?action=summary&v=1&bookid=2049
|z Connect to the full text of this electronic book
|t 0
|
| 999 |
|
|
|a MARS
|
| 999 |
f |
f |
|s 2731fb23-28af-3f13-905e-f24050c539af
|i 28f6886d-28b1-3efd-8d8f-d4bfc171a9d1
|t 0
|
| 952 |
f |
f |
|a Texas A&M University
|b College Station
|c Electronic Resources
|d Available Online
|t 0
|e PR878.F45 C85 1992eb
|h Library of Congress classification
|
| 998 |
f |
f |
|a PR878.F45 C85 1992eb
|t 0
|l Available Online
|